| 000 | 00459nam a2200169Ia 4500 | ||
|---|---|---|---|
| 008 | 230524s9999 xx 000 0 und d | ||
| 082 |
_a658.4 _bGUP |
||
| 100 | _aVipin Gupta | ||
| 245 | 0 | _aBusiness Policy & Strategic Management : Concepts & Applications | |
| 250 | _a2ND | ||
| 260 |
_aNEW DELHI _bPHI _c2009 |
||
| 300 | _aX;575 | ||
| 500 | _aQuantity Number: 2 | ||
| 650 | _aManagement | ||
| 700 | _a" Kamala Gollakota , R.Srinivasan,,," | ||
| 942 | _cBK | ||
| 999 |
_c46774 _d46774 |
||